History Quiz

Random History or Famous Quiz

It Happened One Day Quiz Stats

 Plays Quiz Updated Jul 12, 2018

Score 0/12 Timer 05:00
4 Plays Today
Question Answer Wrong Answers
What position was held by Louis Antoine on August 2, 1830 for about 20 minutes? King of France
69.3%
Duke of Angoulême
4.5%
Dauphin of France
19.6%
Duke of Berry
3.6%
What position was held by Joseph Goebbels from April 30 - May 1, 1945? Chancellor of Germany
67.5%
Chief of German Police
5.2%
President of the Reichstag
10%
Reichsführer-SS
16.8%
Though its status is disputed internationally, which area declared independence on March 17, 2014 before joining another country a day later? Republic of Crimea
57.5%
Faroe Islands
22.7%
Bangsamoro Republik
8.6%
Ras al-Khaimah
5.2%
Which war lasted about 45 minutes on August 27, 1896? Anglo-Zanzibar War
48.3%
Serbo-Bulgarian War
17.2%
Indo-Pakistani War
11.6%
Greco-Turkish War
18.2%
What Manic Street Preachers single was only on wholesale supply on January 10, 2000? The Masses Against the Classes
46.5%
Tsunami
17%
A Design for Life
14.5%
So Why So Sad
16.6%
Which famous album was recorded in one day on October 16, 1969? Black Sabbath
39.7%
Please Please Me
30.4%
White Light/White Heat
13.4%
Bringing It All Back Home
10%
Who held the pole vault world record of 5.91m for a few minutes on August 31, 1984? Thierry Vigneron
28.4%
Sergey Bubka
28.6%
Renaud Lavillenie
18.4%
David Roberts
18.1%
Who was WWF World Heavyweight Champion from February 16 - 17, 1997? Bret Hart
25.6%
Stone Cold Steve Austin
30.2%
Shawn Michaels
17.6%
The Undertaker
24.3%
What team did Leroy Rosenior manage for about 10 minutes on May 17, 2007? Torquay United FC
24.5%
Brentford FC
14.5%
Sierra Leone
16%
Fulham FC
41.1%
Which city was the capital of the United States for one day on September 27, 1777? Lancaster
20.6%
Annapolis
32.4%
Princeton
15.5%
Trenton
31.4%
Who briefly held the triple jump world record at 17.22m on October 17, 1968? Giuseppe Gentile
20%
Jonathan Edwards
18.6%
Willie Banks
43.4%
Pedro Pérez
16.4%
Who was married to Zsa Zsa Gabor from April 13 - 14, 1983? Felipe de Alba
18.2%
Michael O'Hara
18%
Conrad Hilton
49.3%
Herbert Hutner
10.2%

You're not logged in!

Compare scores with friends on all Sporcle quizzes.
OR
Log In

Sporcle TV

Today on Sporcle TV


Watch our educational content, quiz creation guides, and fun videos on Sporcle TV.

Show Comments

Extras

Top Quizzes Today


Score Distribution

Your Account Isn't Verified!

In order to create a playlist on Sporcle, you need to verify the email address you used during registration. Go to your Sporcle Settings to finish the process.

Report this User

Report this user for behavior that violates our Community Guidelines.

Details: